1362 1874 1009 1135 1286 1963 1103 1353 1073 1481 2000 1675 1863 1316 1437 1831 1277 1480 1999 1015 1448 1264 1332 1662 1186 1202 1833 1747 1756 1773 1779 1993 1308 1342 1087 1592 1335 1087 1473 1073 1893 1845 1153 1420 1654 1103 1796 1487 1568 1410 1187 1191 1858 1189 1028 1990 1539 1646 1426 1603 1258 1511 1803 1158 1829 1026 1571 1537 1496 1759 1989 1445 1582 1220 1156 1087 1529 1469 1598 1702 1196 1441 1946 1195 1704 1966 1701 1220 1502 1291 1262 1073 1978 1122 1170 1001 1553 1133 1421 BCNSPRNW ULIB Ver.6.0+V

เปลี่ยนเป็นภาษาไทย

Change to English
 แสดงรายละเอียดบรรณานุกรม
  กลับหน้าหลัก

Brief Record : Get Marc (ISO 2709) : E-mail record : QR code < ปิดหน้าต่าง
LEADER : 00000nam 2200000uu 4500
001    13399109355
003     ULIB
008    110330s2552||||th 000 0 tha d
020    9789740474111
060 04 WA950^bม443ว 2552
100 0  มานพ คณะโต
245 10 วิทยาการระบาดเชิงคลินิกและชีวสถิติ =^bClinicalepidemiology&biostatistics /^cมานพ คณะโต
246 31 CLinical epidemiology&biostatistics
250    พิมพ์ครั้งที่ 3
260    ขอนแก่น :^bเครือข่ายพัฒนาวิชาการและข้อมูลสารเสพติดภาคตะวันออกเฉียงหเหนือ มหาวิทยาลัยขอนแก่น,^c2552
300    217 หน้า :^bภาพประกอบ ;^c26 ซม.
650  7 ชีวสถติ
650  7 ระบาดวิทยา
710 2  มหาวิทยาลัยขอนแก่น. ^bคณะแพทยศาสตร์.^bภาควิชาเวชศาสตร์ชุมชน
945    ^p0^l0^i028822
945    ^p0^l0^i028821
995    ทศพร
999 ^a ใช้งานได้ทุกระบบ
รายการนี้ยังไม่มีแท็ก
คุณยังไม่ได้ล็อกอิน คุณสามารถมีกิจกรรมร่วมกับเว็บไซต์ได้ แต่ต้องล็อกอินก่อน ::
  ล็อกอิน

รายการสื่อสารสนเทศ

ลำดับที่ ประเภท เลขเรียก/บาร์โค้ด สถานที่ สถานะ
- ไม่พบข้อมูล -

รายการใกล้เคียง
    ผู้แต่ง [มานพ คณะโต]

    หัวเรื่อง [ชีวสถติ]
    หัวเรื่อง [ระบาดวิทยา]

BibComment


ยังไม่เคยถูกคอมเมนท์

คอมเมนท์ทรัพยากรรายการนี้
  คอมเมนท์: วิทยาการระบาดเชิง..


 Copyright 2026. Bcnsprnw @Library